[Event "KEN-ch"]
[Site "Nairobi"]
[Date "2021.12.27"]
[Round "4"]
[White "Dominic, Carlos Kiema"]
[Black "Riungu, Kevin"]
[Result "1-0"]
[WhiteElo "1354"]
[BlackElo "1759"]
[PlyCount "51"]
[EventDate "2021.12.26"]
[EventType "swiss"]
[EventRounds "9"]
[EventCountry "KEN"]
[SourceTitle "EXT 2023"]
[Source "ChessBase"]
[SourceDate "2022.10.05"]
[SourceVersion "1"]
[SourceVersionDate "2022.10.05"]
[SourceQuality "1"]

1. e4 c5 2. Nf3 Nc6 3. d4 cxd4 4. Nxd4 d6 5. c4 Nf6 6. Nc3 g6 7. Be2 Bg7 8. Be3 Bd7 9. 0-0 0-0 10. f4 Qb6 11. Qd3 Ng4 12. Bxg4 Bxg4 13. Ne6 Qxb2 14. Nxg7 Nb4 15. Qd4 Nc2 16. Qd2 Qb4 17. Qxc2 Qxc4 18. Qb2 Rfc8 19. Rac1 Qd3 20. Bxa7 Rc4 21. h3 Bd7 22. Rfe1 Qg3 23. Nd5 Rxc1 24. Nxe7+ Kh8 25. Ngf5+ Qc3 26. Bd4+ 1-0